[Event "SRI-chB"]
[Site "Colombo"]
[Date "2023.03.05"]
[Round "3"]
[White "Saipriyan, T."]
[Black "De Silva, Osheen"]
[Result "0-1"]
[WhiteElo "1177"]
[BlackElo "1712"]
[PlyCount "80"]
[EventDate "2023.03.04"]
[EventType "swiss"]
[EventRounds "11"]
[EventCountry "SRI"]
[SourceTitle "CBM 213 Extra"]
[Source "ChessBase"]
[SourceDate "2023.05.31"]
[SourceVersion "1"]
[SourceVersionDate "2023.05.31"]
[SourceQuality "1"]

1. e4 c5 2. Nf3 d6 3. d4 cxd4 4. Nxd4 Nf6 5. Nc3 a6 6. Be2 e6 7. Be3 Qc7 8. f3 b5 9. a3 Bb7 10. Qd2 Nbd7 11. 0-0 Ne5 12. Rac1 Nc4 13. Bxc4 Qxc4 14. Nb3 Qc7 15. Qf2 Nd7 16. Rfd1 Rc8 17. Bf4 Ne5 18. Bxe5 dxe5 19. Qd2 Be7 20. Ne2 h6 21. Qd3 0-0 22. c3 Bg5 23. Ra1 Rfd8 24. Qc2 Be3+ 25. Kf1 Ba7 26. Rxd8+ Qxd8 27. Ng1 Qh4 28. g3 Qf6 29. Kg2 g5 30. Rd1 Rd8 31. g4 Kg7 32. Ne2 Bxe4 33. fxe4 Qf2+ 34. Kh3 Rxd1 35. Qxd1 Qf3+ 36. Ng3 Qxd1 37. Na5 Qd2 38. Nc6 Bg1 39. Nh5+ Kf8 40. Nxe5 Qxh2# 0-1